| 000 | 01509cam a22004218i 4500 | ||
|---|---|---|---|
| 001 | 21879178 | ||
| 005 | 20230715134846.0 | ||
| 006 | m |o d | | ||
| 007 | cr ||||||||||| | ||
| 008 | 210125t20212021nju ob 001 0 eng c | ||
| 010 | _a 2020058496 | ||
| 020 | _a9781119048206 | ||
| 020 | _z9781119048190 | ||
| 020 | _a9781119048282 | ||
| 020 | _a9781119048268 | ||
| 020 | _z9781119048176 | ||
| 040 |
_aDLC _beng _cDLC _erda |
||
| 042 | _apcc | ||
| 050 | 0 | 0 | _aPN 1993.5.I8 .C66 2022 |
| 082 | 0 | 0 |
_a791.430954 _223 |
| 245 | 0 | 2 |
_aA companion to Indian cinema / _cedited by Neepa Majumdar and Ranjani Mazumdar. |
| 246 | 1 | 3 | _aWiley Blackwell companion to Indian cinema |
| 263 | _a2109 | ||
| 300 | _a1 online resource | ||
| 490 | 0 | _aWiley Blackwell companions to national cinemas | |
| 500 | _aSeries statement from CIP data view. | ||
| 504 | _aIncludes bibliographical references and index. | ||
| 650 | 0 |
_aMotion pictures _zIndia. |
|
| 650 | 0 |
_aMotion picture industry _zIndia. |
|
| 700 | 1 |
_aMajumdar, Neepa, _d1961- _eeditor. |
|
| 700 | 1 |
_aMazumdar, Ranjani, _eeditor. |
|
| 710 | 2 |
_aJohn Wiley & Sons, _epublisher. |
|
| 776 | 0 | 8 |
_iPrint version: _tA companion to Indian cinema _dHoboken, NJ : John Wiley & Sons, Inc., 2021. _z9781119048190 _w(DLC) 2020058495 |
| 830 | 0 | _aWiley-Blackwell companions to national cinemas. | |
| 906 |
_a7 _bcbc _corignew _d1 _eecip _f20 _gy-gencatlg |
||
| 942 |
_2lcc _cBOOKS _hPN 1993.5.I8 .C66 2022 |
||
| 999 |
_c31668 _d31668 |
||